Stranger Things Trivia #N - Statistics

General Stats
  • This quiz has been taken 32 times
  • The average score is 10 of 15
Answer Stats
Hint Answer % Correct
Stranger Things is a __ Original Netflix
100%
Oldest of the Wheeler siblings Nancy Wheeler
96%
Where does Will get goosebumps, when close to the hive mind? Neck
96%
Song that Dustin duetts with Suzie Never Ending Story
96%
Eleven gets a __ when using her powers. Nosebleed
96%
On what date was Will taken to the Upside Down? November 6th 1983
87%
"The__ __" was the codename of a top secret government facility and program, conceived and developed by Dr. Brenner and Dr. Owens. Nina Project
83%
What is hidden inside the pen of Unknown Hero Agent Man Number
65%
Father of Billy, stepfather to Max Neil
57%
Where is the above located? (broadly) Nevada
57%
What does Dustin feed the baby demogorgon he finds in the trash? Nougat
48%
Frequently used insult of Erica Nerds
43%
What does Will call his visions? Now-Memories
35%
Nancy and Robin pretend to be psychology students Rose and Ruth from the University of __ __, trying to talk to Victor Creel Notre Dame
13%
What specific town in Alaska does the letter tell Joyce and Murray to go? Nome
9%
No matching quizzes found
Score Distribution
Percent of People with Each Score
Percentile by Number Answered
Your Score History
You have not taken this quiz